Online Catalogue and eLibrary

Paradigm found : (Record no. 1339)

MARC details
000 -LEADER
fixed length control field 00489nam a2200193Ia 4500
005 - DATE AND TIME OF LATEST TRANSACTION
control field 20240918022514.0
008 - FIXED-LENGTH DATA ELEMENTS--GENERAL INFORMATION
fixed length control field 240331s9999 xx 000 0 und d
020 ## - INTERNATIONAL STANDARD BOOK NUMBER
ISBN 1577315332
082 ## - DDC Classification
Item Number - Author Mark MUR
Class No. 658
100 ## - MAIN ENTRY--PERSONAL NAME
Personal name Murray A.F
245 #0 - TITLE STATEMENT
Title Paradigm found :
Remainder of title Leading and Managing for positive change
260 ## - PUBLICATION, DISTRIBUTION, ETC.
Place of publication, distribution, etc. California
Name of publisher, distributor, etc. New World Library
Date of publication, distribution, etc. 2006
300 ## - PHYSICAL DESCRIPTION
Extent (e.g. Volumes, Pages etc.) xxx, 236 p .,
650 ## - SUBJECT ADDED ENTRY--TOPICAL TERM
Topical term or geographic name entry element Leadership
650 ## - SUBJECT ADDED ENTRY--TOPICAL TERM
Topical term or geographic name entry element Women
650 ## - SUBJECT ADDED ENTRY--TOPICAL TERM
Topical term or geographic name entry element Vision
650 ## - SUBJECT ADDED ENTRY--TOPICAL TERM
Topical term or geographic name entry element passion
942 ## - Koha item type (Biblio)
Koha item type Books in Stacks (Lending)
Holdings
Lost status Damaged status Collection code Home library Current library Shelving location Date acquired Full call number Accession Number Item type
    Lending WERC Library WERC Library Social Science Cupboard 03/31/2024 658 MUR 5725 Books in Stacks (Lending)

© WERC Library